| 000 | 01953nam a22002897a 4500 | ||
|---|---|---|---|
| 005 | 20111208164817.0 | ||
| 010 | _aB-470858-865 | ||
| 020 |
_a9788179631461 _c175.00 |
||
| 035 | _aB-470858-865 | ||
| 037 | _bBlueberry Books/Ven | ||
| 082 | _aS | ||
| 245 |
_aRead and gorw with Bruno: _bBrunos' green story book ( age 2-6) |
||
| 260 |
_aMumbai _bShree Books Centre _c201? |
||
| 270 |
_bMumbai _e400016 |
||
| 300 |
_aunpaged _c23 cm (Hb) |
||
| 490 |
_a _952671 |
||
| 942 |
_2ddc _cCH _mREA _hS |
||
| 999 |
_c59153 _d59153 |
||